Národné fórum pre poradenstvo na Slovensku súhrnná správa o troch pracovných stretnutiach

Informácia o troch pracovných stretnutiach/seminároch, ktorých hlavným cieľom bola diskusia o potrebách a prínose Národného fóra pre poradenstvo na Slovensku. Vznik Národného fóra pre poradenstvo na Slovensku.

Na minha lista:
Detalhes bibliográficos
Autor principal: Baranová, Aneta
Formato: Capítulo de Livro
Idioma:eslovaco
Assuntos:
Tags: Adicionar Tag
Sem tags, seja o primeiro a adicionar uma tag!

MARC

LEADER 00000naa$a2200000$$$4500
001 0027113
005 20230918124844.4
041 0 |a slo 
044 |a SK 
245 1 0 |a Národné fórum pre poradenstvo na Slovensku  |b súhrnná správa o troch pracovných stretnutiach  |c Aneta Baranová 
520 |a Informácia o troch pracovných stretnutiach/seminároch, ktorých hlavným cieľom bola diskusia o potrebách a prínose Národného fóra pre poradenstvo na Slovensku. Vznik Národného fóra pre poradenstvo na Slovensku. 
610 2 0 |a poradenstvo 
610 2 0 |a kariéra 
610 2 0 |a poradcovia 
610 2 0 |a poradenstvo profesionálne 
610 2 0 |a diskusia 
610 2 0 |a semináre 
610 2 0 |a Slovensko 
100 1 |a Baranová, Aneta